| 000 | 01116nam a2200337 a 4500 | ||
|---|---|---|---|
| 001 | 5819 | ||
| 003 | BD-RjUL | ||
| 005 | 20211208234133.0 | ||
| 008 | 07 s1984 coua b 00100 eng | ||
| 020 | _a0865316120 | ||
| 020 | _a0865316139 (pbk.) | ||
| 035 | _a(BD-RjUL) 5858 | ||
| 039 | 0 |
_a2 _b3 _c3 _d3 _e3 |
|
| 040 |
_aDLC _cDLC _d(BD-RjUL) _beng |
||
| 041 | _aeng | ||
| 082 |
_a355.43 _bDEF 1984 |
||
| 245 | 0 | 4 |
_aThe Defense of the West : _bstrategic and European security issues reappraised / _cedited by Robert Kennedy and John M. Weinstein. |
| 260 |
_aBoulder, Colo. : _bWestview Press, _c1984. |
||
| 300 |
_axii, 451 p. : _bill. ; _c21 cm. |
||
| 490 | 0 | _aA Westview special study. | |
| 504 | _aIncludes bibliographical references and index. | ||
| 610 | 2 | 0 |
_aNorth Atlantic Treaty Organization _936342 |
| 650 | 0 |
_aNational security. _918286 |
|
| 650 | 0 |
_aWorld politics _y1975-1985. _918287 |
|
| 651 | 0 |
_aUnited States _xMilitary policy. _96008 |
|
| 700 | 1 | 0 |
_aKennedy, Robert, _d1939- _918288 |
| 700 | 1 | 0 |
_aWeinstein, John M. _918289 |
| 942 |
_2ddc _cBK |
||
| 999 |
_c5819 _d5819 |
||